00301nam a2200121Ia 4500008004100000082002000041100002000061245003700081250000800118260002700126300001000153650001600163150201s2010 xx 000 0 und d a617.632bP2011C aANGUS , CAMERON aHAND BOOK OF PEDIATRIC DENTISTRY a3RD bMOSBYaEDINBURGHc2010 a1-478 aPEDODONTICS